LEADER 01991oam 2200517I 450 001 9910711730703321 005 20190109143128.0 035 $a(CKB)5470000002486767 035 $a(OCoLC)1045797630 035 $a(EXLCZ)995470000002486767 100 $a20180725d1955 ua 0 101 0 $aeng 135 $aur|n||||||||| 181 $ctxt$2rdacontent 182 $cc$2rdamedia 183 $acr$2rdacarrier 200 10$aSurface water supply of the United States, 1953$hPart 12$iPacific slope basins in Washington and upper Columbia River Basin /$fprepared under the direction of J. V. B. Wells 210 1$a[Washington, D.C.] :$cUnited States Department of the Interior, Geological Survey,$d1955. 210 2$aWashington :$cUnited States Government Printing Office. 215 $a1 online resource (x, 407 pages) $cillustrations, map 225 1 $aGeological Survey water-supply paper ;$v1286 300 $a"Prepared in cooperation with the states of Idaho, Montana, and Washington, and with other agencies." 300 $a"*U. S. Government Printing Office : 1955 O - 347562"--Page 407. 300 $aIncludes tables. 320 $aIncludes index. 517 3 $aSurface water supply of Pacific slope basins in Washington and upper Columbia River Basin, 1953 606 $aWater-supply$zColumbia River Watershed 606 $aWater-supply$zWashington (State) 606 $aWater quality$zColumbia River Watershed 606 $aWater quality$zWashington (State) 615 0$aWater-supply 615 0$aWater-supply 615 0$aWater quality 615 0$aWater quality 700 $aWells$b J. V. B.$01385991 712 02$aGeological Survey (U.S.), 712 02$aUnited States.$bDepartment of the Interior. 801 0$bCOP 801 1$bCOP 801 2$bOCLCO 801 2$bOCLCF 801 2$bGPO 906 $aBOOK 912 $a9910711730703321 996 $aSurface water supply of the United States, 1953$93455534 997 $aUNINA LEADER 04677nam 2200733 450 001 9910812777503321 005 20211011232547.0 010 $a0-8122-0922-2 024 7 $a10.9783/9780812209228 035 $a(CKB)3710000000083065 035 $a(OCoLC)870564014 035 $a(CaPaEBR)ebrary10826575 035 $a(SSID)ssj0001189696 035 $a(PQKBManifestationID)11674268 035 $a(PQKBTitleCode)TC0001189696 035 $a(PQKBWorkID)11175155 035 $a(PQKB)10130407 035 $a(MdBmJHUP)muse32964 035 $a(DE-B1597)449806 035 $a(DE-B1597)9780812209228 035 $a(Au-PeEL)EBL3442317 035 $a(CaPaEBR)ebr10826575 035 $a(CaONFJC)MIL682533 035 $a(MiAaPQ)EBC3442317 035 $a(EXLCZ)993710000000083065 100 $a20140127h20142014 uy 0 101 0 $aeng 135 $aurcnu|||||||| 181 $ctxt 182 $cc 183 $acr 200 10$aApocalypse of the alien god $ePlatonism and the exile of Sethian gnosticism /$fDylan M. Burns 205 $a1st ed. 210 1$aPhiladelphia, Pennsylvania :$cUniversity of Pennsylvania Press,$d2014. 210 4$d©2014 215 $a1 online resource (342 p.) 225 0 $aDivinations : Rereading Late Ancient Religion 300 $aBibliographic Level Mode of Issuance: Monograph 311 0 $a1-322-51251-5 311 0 $a0-8122-4579-2 320 $aIncludes bibliographical references and index. 327 $tFront matter --$tContents --$tAbbreviations --$tIntroduction --$t1. Culture Wars --$t2. Plotinus Against His Gnostic Friends --$t3. Other Ways of Writing --$t4. The Descent --$t5. The Ascent --$t6. The Crown --$t7. Between Judaism, Christianity, and Neoplatonism --$tAppendix: Reading Porphyry on the Gnostic Heretics and Their Apocalypses --$tNotes --$tBibliography --$tIndex --$tAcknowledgments 330 $aIn the second century, Platonist and Judeo-Christian thought were sufficiently friendly that a Greek philosopher could declare, "What is Plato but Moses speaking Greek?" Four hundred years later, a Christian emperor had ended the public teaching of subversive Platonic thought. When and how did this philosophical rupture occur? Dylan M. Burns argues that the fundamental break occurred in Rome, ca. 263, in the circle of the great mystic Plotinus, author of the Enneads. Groups of controversial Christian metaphysicians called Gnostics ("knowers") frequented his seminars, disputed his views, and then disappeared from the history of philosophy?until the 1945 discovery, at Nag Hammadi, Egypt, of codices containing Gnostic literature, including versions of the books circulated by Plotinus's Christian opponents. Blending state-of-the-art Greek metaphysics and ecstatic Jewish mysticism, these texts describe techniques for entering celestial realms, participating in the angelic liturgy, confronting the transcendent God, and even becoming a divine being oneself. They also describe the revelation of an alien God to his elect, a race of "foreigners" under the protection of the patriarch Seth, whose interventions will ultimately culminate in the end of the world. Apocalypse of the Alien God proposes a radical interpretation of these long-lost apocalypses, placing them firmly in the context of Judeo-Christian authorship rather than ascribing them to a pagan offshoot of Gnosticism. According to Burns, this Sethian literature emerged along the fault lines between Judaism and Christianity, drew on traditions known to scholars from the Dead Sea Scrolls and Enochic texts, and ultimately catalyzed the rivalry of Platonism with Christianity. Plunging the reader into the culture wars and classrooms of the high Empire, Apocalypse of the Alien God offers the most concrete social and historical description available of any group of Gnostic Christians as it explores the intersections of ancient Judaism, Christianity, Hellenism, myth, and philosophy. 606 $aApocalyptic literature$xHistory and criticism 606 $aGnostic literature$xHistory and criticism 606 $aGnosticism 606 $aNeoplatonism 610 $aAncient Studies. 610 $aClassics. 610 $aReligion. 610 $aReligious Studies. 615 0$aApocalyptic literature$xHistory and criticism. 615 0$aGnostic literature$xHistory and criticism. 615 0$aGnosticism. 615 0$aNeoplatonism. 676 $a299/.932 700 $aBurns$b Dylan M$01167385 801 0$bMiAaPQ 801 1$bMiAaPQ 801 2$bMiAaPQ 906 $aBOOK 912 $a9910812777503321 996 $aApocalypse of the alien god$93972738 997 $aUNINA LEADER 03417oam 2200745 c 450 001 9910563198003321 005 20240922213714.0 024 7 $a10.3726/b13720 035 $a(CKB)5450000000173990 035 $a(oapen)https://directory.doabooks.org/handle/20.500.12854/34175 035 $a(PH02)9783631751640 035 $a(MiAaPQ)EBC31203730 035 $a(oapen)doab34175 035 $a(EXLCZ)995450000000173990 100 $a20240525h20182009 uy 0 101 0 $ager 135 $aurnnunnnannuu 181 $ctxt$2rdacontent 182 $cc$2rdamedia 183 $acr$2rdacarrier 200 00$aInter- und intragenerative Umverteilung im deutschen Steuer-Transfer-System$eLangfristige Wirkungen im Lebenszyklus$fGerold Krause-Junk, Tobias Arens 205 $a1st, New ed. 210 $aFrankfurt a.M$cPH02$d2018 210 $d2018, c2009 215 $a1 online resource (388 p.)$c, EPDF 225 0 $aFinanzwissenschaftliche Schriften$v118 300 $aPeter Lang GmbH, Internationaler Verlag der Wissenschaften 311 08$a3-631-75164-8 327 $aAus dem Inhalt: Historische Entwicklung von Steuern, Sozialversicherung und Familienfo?rderung seit 1950 - Reformen der Rentenversicherung seit 1992 - Bildungsrenditen der Kohorten von 1930 bis 1990 - Renditen der gesetzlichen Rentenversicherung - Moneta?re Familienpolitik im Lebenszyklus - Generationenbilanzen und Lebensnettosteuersa?tze. 330 $aMit einem Steuer-Transfer-Modell, das die Entwicklung seit 1950 abbildet, werden verschiedene Fragestellungen inter- und intragenerativer Umverteilung aus den Bereichen der Bildungso?konomie, der Familienpolitik und der Alterssicherung bearbeitet. Anders als in u?blichen Ansa?tzen werden dabei Nettobelastungen des Lebenseinkommens verschiedener Kohorten unter Beru?cksichtigung der historischen Entwicklung bestimmt. Den bekannten Mehrbelastungen aus der Sozialversicherung fu?r junge Kohorten stehen hiernach deutlich gesunkene Steuern und eine stark ausgeweitete Familienfo?rderung gegenu?ber. Mit der zunehmenden Verlagerung von Umverteilung aus dem Steuersystem in die Sozialversicherung geht eine u?ber die Kohorten deutlich sinkende Progression der Besteuerung ihrer Lebenseinkommen einher. 606 $aPublic administration$2bicssc 606 $aMonetary economics$2bicssc 606 $aLabour economics$2bicssc 606 $aPolitical economy$2bicssc 606 $aWelfare economics$2bicssc 610 $aArens 610 $aBildungsrenditen 610 $adeutschen 610 $aFamilienförderung 610 $aGenerationenbilanz 610 $aInter 610 $aintragenerative 610 $aLangfristige 610 $aLebenseinkommen 610 $aLebenszyklus 610 $aRentenversicherung 610 $aSteuer 610 $aSystem 610 $aTransfer 610 $aUmverteilung 610 $aWirkungen 615 7$aPublic administration 615 7$aMonetary economics 615 7$aLabour economics 615 7$aPolitical economy 615 7$aWelfare economics 700 $aArens$b Tobias$4auth$01330399 702 $aKrause-Junk$b Gerold$4edt 702 $aArens$b Tobias$4aut 801 0$bPH02 801 1$bPH02 906 $aBOOK 912 $a9910563198003321 996 $aInter- und intragenerative Umverteilung im deutschen Steuer-Transfer-System$93039823 997 $aUNINA